00338nam a2200133Ia 4500008004100000041000800041082001400049100002000063245003000083250001500113260003300128300003200161365001100193240624s9999 xx 000 0 und d aeng a658.3 DEC aDECENZO DAVID A aHUMAN RESOURCE MANAGEMENT a(10th ed.) c2012aNew DelhibWiley India axxii, : 410 : p. : cm. ; 27 cRSb31